000 00315nam a22001217a 4500
008 230629b xxu||||| |||| 00| 0 eng d
082 _a346.6
_bONA 1986
100 _cP. L. Omalo
245 _aLand Law and Conveyancing in Kenya
260 _aKenya
_bHeinemann Kenya Ltd
_c1986
300 _aXII,298p
942 _2ddc
_cBK
999 _c3114
_d3114